Beyond good and evil / (Record no. 168906)

MARC details
000 -LEADER
fixed length control field 00514nam a2200181 4500
005 - DATE AND TIME OF LATEST TRANSACTION
control field 20191031121108.0
010 ## - LCCN (DPL NO)
LC control number ENG-126758
020 ## - INTERNATIONAL STANDARD BOOK NUMBER
International Standard Book Number 9789350334980
Terms of availability 125.00
035 ## - SYSTEM CONTROL NUMBER
System control number EN-110290
037 ## - SOURCE OF ACQUISITION
Source of stock number/acquisition DBAD/PUB
082 ## - DEWEY DECIMAL CLASSIFICATION NUMBER
Classification number N
100 ## - MAIN ENTRY--PERSONAL NAME
Personal name Nietzsche, Friedrich
245 ## - TITLE STATEMENT
Title Beyond good and evil /
Statement of responsibility, etc by Friedrich Nietzsche
260 ## - PUBLICATION, DISTRIBUTION, ETC. (IMPRINT)
Place of publication, distribution, etc Noida
Name of publisher, distributor, etc Maple Press
Date of publication, distribution, etc 2018
270 ## - ADDRESS
Address A-63, Sector 58
City Noida
Postal code 201301
Telephone number 911204553581
Electronic mail address info@maplepress.co.in
300 ## - PHYSICAL DESCRIPTION
Extent 190p.
Dimensions 21cm(pbk)
942 ## - ADDED ENTRY ELEMENTS (KOHA)
Source of classification or shelving scheme Dewey Decimal Classification
Item type English Books
Classification part N
Call number suffix NIE
Holdings
Withdrawn status Lost status Not for loan Collection code Home library Current library Date acquired Source of acquisition Cost, normal purchase price Full call number Barcode Copy number Cost, replacement price Koha item type
      Fiction Central Library Central Library 31/10/2019 DBAD/PUB 125.00 N NIE EN-110290 1 125.00 English Books

© Delhi Public Library
Hit Counter
free hit counter